Legendary Creatures by Cushion Quiz Stats

 Plays Quiz Updated Dec 19, 2017

Challenge
Share
Tweet
Score 0/20 Timer 05:00
5 Plays Today
Hint Answer % Correct
Witch
99.1%
Unicorn
96.3%
Mermaid
96.2%
Ghost
95.8%
Yeti
93.6%
Mummy
93.3%
Werewolf
93.1%
Djinni
92.6%
Vampire
92%
Demon
90.6%
Hint Answer % Correct
Dragon
89.3%
Sphinx
86.5%
Gorgon
85.5%
Leprechaun
84.2%
Phoenix
81.5%
Kraken
76.7%
Zombie
74.7%
Satyr
60.1%
Cerberus
57.2%
Kelpie
11.1%

You're not logged in!

Compare scores with friends on all Sporcle quizzes.
OR
Log In

You Might Also Like...

Show Comments

Extras

Top Quizzes Today


Score Distribution

Your Account Isn't Verified!

In order to create a playlist on Sporcle, you need to verify the email address you used during registration. Go to your Sporcle Settings to finish the process.

Report this User

Report this user for behavior that violates our Community Guidelines.

Details: